|
|
|
|
| LEADER |
01103naa a2200265 i 4500 |
| 001 |
acta76229 |
| 005 |
20221108134843.0 |
| 008 |
220712s2021 hu o 1|| eng d |
| 020 |
|
|
|a 978-963-306-790-1
|
| 040 |
|
|
|a SZTE Egyetemi Kiadványok Repozitórium
|b hun
|
| 041 |
|
|
|a eng
|
| 100 |
1 |
|
|a Sirbulescu Claudia
|
| 245 |
1 |
0 |
|a Analysis of environmental protection expenditures and their influence on the quality of the environment
|h [elektronikus dokumentum] /
|c Sirbulescu Claudia
|
| 260 |
|
|
|a University of Szeged Faculty of Agriculture
|b Hódmezővásárhely
|c 2021
|
| 300 |
|
|
|a 67
|
| 490 |
0 |
|
|a Wellmann International Scientific Conference
|
| 650 |
|
4 |
|a Természettudományok
|
| 650 |
|
4 |
|a Föld- és kapcsolódó környezettudományok
|
| 695 |
|
|
|a Környezetvédelem - előadáskivonat
|
| 700 |
0 |
1 |
|a Pirvulescu Luminita
|e aut
|
| 700 |
0 |
1 |
|a Iosim Iasmina
|e aut
|
| 700 |
0 |
1 |
|a Iancu Tiberiu
|e aut
|
| 700 |
0 |
1 |
|a Dincu Ana-Mariana
|e aut
|
| 710 |
|
|
|a Wellmann International Scientific Conference (18.) (2021)
|
| 856 |
4 |
0 |
|u http://acta.bibl.u-szeged.hu/76229/1/wellmann_abstracts_2021_067.pdf
|z Dokumentum-elérés
|